Külföldön üzembe helyezett magyar gyártmányok szavatossága és jótállása

Bibliográfiai részletek
Szerző: Soltay Péter
További közreműködők: Csekő Dr. Katalin
Dokumentumtípus: Diplomadolgozat
Kulcsszavak:Garancia
Jótállás
Szavatosság
Terméktanúsítás
Fogyasztóvédelem
Online Access:http://dolgozattar.uni-bge.hu/3897

MARC

LEADER 00000nta a2200000 i 4500
001 dolg3897
005 20160912145724.0
008 151219suuuu hu om 000 hun d
040 |a BGE Dolgozattár Repozitórium  |b hun 
041 |a hu 
100 1 |a Soltay Péter 
245 1 0 |a Külföldön üzembe helyezett magyar gyártmányok szavatossága és jótállása  |c Soltay Péter  |h [elektronikus dokumentum] 
695 |a Garancia 
695 |a Jótállás 
695 |a Szavatosság 
695 |a Terméktanúsítás 
695 |a Fogyasztóvédelem 
700 1 |a Csekő Dr. Katalin  |e ths 
856 4 0 |u http://dolgozattar.uni-bge.hu/3897/1/DJ2D3K%20szakdolgozat%202015.pdf  |z Dokumentum-elérés 
856 4 0 |u http://dolgozattar.uni-bge.hu/3897/2/DJ2D3K%20szinopszis.pdf  |z Dokumentum-elérés